Oscar Best Actress Winners (Movies since 2000) Quiz Stats

 Plays Quiz not verified by Sporcle

Score 0/18 Timer 03:00
0 Plays Today
Actress Movie % Correct
Emma Stone - 2016La La Land
100%
Charlize Theron - 2003Monster
97.7%
Hilary Swank - 2004Million Dollar Baby
94.3%
Natalie Portman - 2010Black Swan
94.3%
Halle Berry - 2001Monster's Ball
90.9%
Helen Mirren - 2006The Queen
90.9%
Reese Witherspoon - 2005Walk the Line
89.8%
Brie Larson - 2015Room
89.8%
Julia Roberts - 2000Erin Brockovich
88.6%
Actress Movie % Correct
Sandra Bullock - 2009The Blind Side
88.6%
Jennifer Lawrence - 2012Silver Linings Playbook
88.6%
Kate Winslet - 2008The Reader
83%
Nicole Kidman - 2002The Hours
79.5%
Cate Blanchett - 2013Blue Jasmine
77.3%
Meryl Streep - 2011The Iron Lady
76.1%
Frances McDormand - 2017Three Billboards Outside Ebbing, Missouri
75%
Julianne Moore - 2014Still Alice
73.9%
Marion Cotillard - 2007La Vie en rose
70.5%

You're not logged in!

Compare scores with friends on all Sporcle quizzes.
OR
Log In

You Might Also Like...

Show Comments

Extras

Top Quizzes Today


Score Distribution

Your Account Isn't Verified!

In order to create a playlist on Sporcle, you need to verify the email address you used during registration. Go to your Sporcle Settings to finish the process.

Report this User

Report this user for behavior that violates our Community Guidelines.

Details: